000 00304nam a22001337a 4500
008 170524b xxu||||| |||| 00| 0 eng d
020 _a0070287554
041 _aeng
080 _23RD
_a62
100 _a26
101 _aIM
245 _aMAINTENANCE ENGINEERING HANDBOOK
_cHIGGINS, L.R
942 _2udc
_cBK
999 _c13998
_d13998